|
|
|
|
| LEADER |
01051cam a2200241 7i4500 |
| 001 |
0000068720 |
| 005 |
20220526090000.0 |
| 020 |
|
|
|a 9781849838702
|
| 090 |
0 |
0 |
|a F868.S25
|b B48 2017
|
| 100 |
1 |
|
|a Berlin, Leslie
|
| 245 |
1 |
0 |
|a Troublemakers :
|b Silicon Valley's coming of age
|c Leslie Berlin.
|
| 264 |
|
|
|a New York:
|b Simon & Schuster,
|c 2017.
|
| 300 |
|
|
|a xvi, 494 pages:
|b illustrations;
|c 25 cm.
|
| 336 |
|
|
|a text
|2 rdacontent
|
| 337 |
|
|
|a unmediated
|2 rdamedia
|
| 338 |
|
|
|a volume
|2 rdacarrier
|
| 650 |
|
0 |
|a High technology industries --
|z California --
|z Santa Clara Valley (Santa Clara County)
|
| 650 |
|
0 |
|a Entrepreneurship --
|z California --
|z Santa Clara Valley (Santa Clara County)
|
| 650 |
|
0 |
|a Technological innovations --
|z California --
|z Santa Clara Valley (Santa Clara County)
|
| 651 |
|
0 |
|a Santa Clara Valley (Santa Clara County, Calif.) --
|x Social life and customs --
|y 21st century
|
| 997 |
|
|
|a Selangor Business School
|
| 998 |
|
|
|a Business Administration, Master
|
| 999 |
|
|
|a SBS0000938
|b BOK
|c OPEN SHELF
|e 1st Floor, Bestari Jaya
|